000 01112cad a22002175a 4500
001 E149713
008 100414s2009 xxk f 000 0 eng d
035 _a(Sirsi) u149713
041 0 _aeng
110 2 _aShelter Scotland
_93573
245 0 0 _aLandlord registration in Scotland
_bthree years on
_h[electronic resource]
260 _a[S.l.]
_bShelter
_c2009
520 _aExamines the impact of the scheme to register all private landlords and agents in Scotland, three years after it was introduced, and looks at whether it has succeeded in its aims. Draws on responses made to Shelter by local authorities, and identifies a number of concerns with the operation of the system.
521 _aAdvanced
590 _aKA
650 2 4 _aANTISOCIAL BEHAVIOUR ETC (SCOTLAND) ACT 2004
651 4 _aScotland
_y1999-
690 _aPROPERTY-RESIDENTIAL PROPERTY-RESIDENTIAL LANDLORD AND TENANT
856 4 0 _uhttps://scotland.shelter.org.uk/professional_resources/policy_library/policy_library_folder/landlord_registration_in_scotland
_zView the report free of charge at http://scotland.shelter.org.uk
942 _n0
999 _c110608
_d110608